MDQL
is popping MORE tags! Check the
thread
!
Quizzes
Events
Quiz Creation
Community
Videos
Private Events
Remove Ads
Sign In
Join for FREE
Feedback
Dark Mode
Quiz Categories
Sports
Geography
Music
Movies
Television
Just For Fun
Miscellaneous
History
Literature
Language
Science
Gaming
Entertainment
Religion
Holiday
For Kids
Quiz Lab
Recent
Popular Today
Quiz Kudos Today
Editor Picks
Curator Picks
Quizzes by...
Day
Popularity
Type
Ratings
Length
Year
Community
Subscriptions
Recent Discussions
Orange Saloon
Badges
Playlists
Quests
Create
Leaderboards
Showdown
Live 5
Trivia Bingo
Activity
Puzzle Library
Sporcle Events
Private Events
Virtual Trivia
Globe League
Become a Host
Pub Owners
SporcleCon
Opinionation
Our Games
Videos
Blog
Mobile Apps
Partnerships
Remove Ads and Go Orange
Feedback
Television
TV Characters
TV Show
Sitcom
Network
Friends
Reality Shows
Cast
South Park
Star Trek
The Simpsons
Doctor Who
Television
TV Characters
TV Show
Sitcom
Network
Friends
Reality Shows
Cast
South Park
Star Trek
The Simpsons
Doctor Who
Random Quiz
Search Sporcle
×
Quiz Lab
Quiz Lab
Television
mash
Type in answers that appear in a list
Type in answers that appear in a list
Classic
Best Score? Go Orange.
MASH Nurses Stats
Can you name the 74 nurses with actual names that appeared on MASH?
By
Tvtino
10m
74 Questions
224 Plays
224 Plays
224 Plays
Comments
Comments
Give Quiz Kudos
Give Quiz Kudos
-
- Ratings
hide this ad
More Info
Replay
Link that replays current quiz
Next Quiz
Link to next quiz in quiz playlist
You Got
0%
They Got
Avg Score
11%
Avg Friend Score
Upgrade to see
Score Distribution
Jump to the score distribution portion of the page
Score
0/74
Timer
10:00
0
Plays Today
Nurse
% Correct
Lt. Kellye Yamato
86.6%
Maj. Margaret Houlihan
84.4%
Lt. Baker
62.5%
Lt. Able
52.7%
Lt. Ginger Bayless
50.9%
Lt. Maggie Dish
35.7%
Lt. Mary Jo Walsh
29.9%
Lt. Margie Cutler
21.4%
Lt. Louise Anderson
20.5%
Lt. Bigelow
19.2%
Lt. Shiela Anderson
18.3%
Lt. Carlye Breslin
18.3%
Lt. Charlie
18.3%
Lt. Lorraine Anderson
17%
Lt. Nancy Griffin
14.7%
Lt. Erika Johnson
14.7%
Lt. Becky Walsh
12.1%
Lt. Barbara Bannerman
10.7%
Lt. Linda Nugent
10.7%
Lt. Edwina Ferguson
9.8%
Lt. Gwen _____
9.8%
Lt. JoAnn ____
9.4%
Maj. Judy Parker
9.4%
Lt. Leslie Scorch
9.4%
Lt. Louise Simmons
8.9%
Lt. Murphy
8.5%
Nurse Meg Cratty
8%
Lt. Carrie Donovan
8%
Lt. Gail Harris
8%
Nurse Anna Lindstrom
8%
Lt. Shari _____
8%
Lt. Wilson
7.6%
Lt. Suzanne Marquette
7.1%
Col. Lillian Rayburn
7.1%
Lt. Brown
6.3%
Lt. Cooper
6.3%
Lt. Mitchell
6.3%
Nurse
% Correct
Lt. Gage
5.8%
Lt. Regina Hoffman
5.4%
Lt. Lacey
5.4%
Col. Rachel Reese
4.9%
Lt. Sandra Palmer
4.5%
Lt. Powell
4.5%
Lt. Bryan
4%
Lt. Debbie Clarke
4%
Lt. Klein
4%
Lt. Richards
4%
Lt. Connie _____
3.6%
Lt. Gaynor
3.6%
Lt. Preston
3.6%
Lt. Sanchez
3.6%
Lt. Beddoes
3.1%
Lt. Gilbert
3.1%
Lt. Jacobs
3.1%
Lt. Mason
3.1%
Lt. Mendenhall
3.1%
Lt. Lyons
2.7%
Lt. Marshall
2.7%
Lt. Webster
2.7%
Lt. Bell
2.2%
Lt. Butler
2.2%
Lt. Clark
2.2%
Lt. Hardy
2.2%
Lt. Watson
2.2%
Lt. Fox
1.8%
Lt. Perry
1.8%
Lt. Campbell
1.3%
Lt. Denver
1.3%
Sgt. Barry Hutchinson
1.3%
Lt. O'Connor
1.3%
Lt. Plummer
1.3%
Martine
0.9%
Lt. Owens
0.9%
Lt. Cleason
0%
Quiz Playlist
Details
Report
Send in Message
Add To Playlist
More Info:
You won't get them all - for one thing, some of them were never actually called by name in the episode! There are a few surprises, too...
Classic:
Type in answers that appear in a list
Quiz Source
Last Updated: Feb 16, 2017
Quiz Scoreboard
CHALLENGE
Sign Up to Join the Scoreboard
Show All
Scores
Hide
Comments
May contain spoilers
Recently Published
1-10 Letter E Words III
by El_Dandy
Language
2m
Street Fighter Characters
by Artimus82
Gaming
60s
College Basketball Coaching Resumes
by pancakes188
Sports
9m
More to Explore
Quiz From the Vault
Featured Blog Post
Where Did the Easter Bunny Come From?
hide this ad
You Might Also Like...
Tags
Actual
mash
nurse
Today's Top Quizzes in Television
Browse Television
hide this ad
Today's Top Quizzes in mash
Browse mash
Top Contributed Quizzes in Television
1
Survivor Journey Challenge
2
Adjectives in 80s TV Shows
3
Adjectives in 00s TV Shows
4
5-to-1: The Simpsons Families
5
5-to-1: Television Doctors
6
Adjectives in 10s TV Shows
7
7-to-1: TV Show Settings
8
Adjectives in 70s TV Shows
9
5-to-1: Streaming Originals
10
Survivor Seasons
Explore More
Trending Topics
Marvel
NBA
Disney
Anime
Kpop
Crossword
Harry Potter
Puzzle
Pokémon
Soccer
The Office
NFL
WWE
Song
Country
hide this ad
More By:
Tvtino
Quiz
Plays
Rating
Category
Featured
Created
TV Show Spoken Theme
419
3.88
Television
May 31, 2012
American Muscle Car Origins
328
5.00
Just For Fun
May 31, 2012
MASH Nurses
224
4.67
Television
May 24, 2012
Classic American Wheels
115
2.00
Just For Fun
Jun 6, 2012
Go to Creator's Profile
Score Distribution
Quiz Creator Spotlight
Tvtino
Follow
Send a Message
Quizzes Created
-
Created Quiz Play Count
-
More By This Creator
Popular Quizzes Today
1
Find the US States - No Outlines Minefield
2
Find the Countries of Europe - No Outlines Minefield
3
The Countries of the World
4
Find the US States
5
Risky Map Clicking: Biggest States A-Z
6
US States
7
Popular People in 1961
8
Movies - When Are They Set?
More Television Quizzes
5-Star TV Cartoon Villains
Published
Trending Quizzes
Risky Map Clicking: Least Populous States A-Z
1-10 Letter G Words
USA Borders Longest to Shortest
1-10 Letter F Words
Countries of the World: 200 Million BC
Recently Updated
Leaping Animals
pecheneg
Reality TV Shows (A-Z)
bhenderson79
Rickey Henderson's Hall of Fame Teammates
pecheneg
Champions League XIs: Arsenal
pecheneg
Quick Pick: Celebrities in WWE's Hall of Fame
aduchscher
A-Z Keypad Blitz II
pecheneg
Multiple Oscar Actors
pecheneg
Mystery Phrase Blitz: Oscar 'Best Actors'
pecheneg
F. Scott Fitzgerald Novels
LTH
Pick 3 Villains
ddd62291
Trending Topics
Kpop
Crossword
Harry Potter
Marvel
Anime
Disney
NBA
The Office
Soccer
Pokémon
Puzzle
Country
NFL
WWE
Song
Your Account Isn't Verified!
In order to create a playlist on Sporcle, you need to verify the email address you used during registration. Go to your
Sporcle Settings
to finish the process.
Report this User
Report this user for behavior that violates our
Community Guidelines
.
Details:
Send Report
Go to the Sporcle.com Mobile Site →
Comments